All Gracie Abrams Songs - Statistics

General Stats
  • This quiz has been taken 1,293 times
  • The average score is 27 of 39
Answer Stats
Hint Good Riddance % Correct
5 I miss you, I'm sorry
87%
EP1 Minor
87%
7 minor
87%
2 21
86%
1 Best
85%
1 Feels Like
84%
2 I know it won't work
80%
7 Amelie
79%
4 Camden
79%
6 Long Sleeves
75%
4 Where do we go now?
75%
9 This is what the drugs are for
74%
11 The blue
73%
1 Friend
72%
5 Mess it up
72%
8 Difficult
71%
2 Rockland
71%
5 I should hate you
70%
12 Right now
70%
4 tehe
69%
3 Under / Over
69%
10 Augusta
68%
3 Full machine
68%
6 Block me out
67%
2 Stay
67%
6 Will you cry?
66%
5 The Bottom
65%
8 Better
64%
EP2 This Is What It Feels Like
64%
11 Painkillers
63%
10 Fault line
62%
3 Brush Fire
60%
3 For Real This Time
59%
1 Mean it
59%
4 Unlearn
58%
6 Wishful Thinking
58%
12 Alright
57%
9 Hard to sleep
57%
7 Older
57%
No matching quizzes found
Score Distribution
Percent of People with Each Score
Percentile by Number Answered
Your Score History
You have not taken this quiz